000 01025cab a2200217 4500
001 WB3116-81
008 090401t1995 xxu||||| |||| 00| 0 eng d
035 _a(Sirsi) u57759
041 _aeng
245 _aServing notice to quit
260 _c1995
350 _a0
490 _aTimes
_v22 April 1995, 17(1)
520 _aIn "Wandsworth LBC v Atwell and another", CA 7 April 1995, it was held that Law of Property Act 1925 s196(3) which permitted service of certain notices by leaving them at the last-known place of abode of the person to be served, did not apply to service on a periodic tenancy of a notice to quit where the tenancy agreement made no express provision for service of notice to quit, since the agreement dod not require such a notice to be served within the contemplation of s196(5).
650 _aLAW OF PROPERTY ACT 1925 S196(3)
650 _aNOTICE TO QUIT
650 _aPERIODIC TENANCY
690 _aLANDLORD AND TENANT-CASE LAW-RESIDENTIAL TENANCIES
942 _n0
948 _c04/03/1997
999 _c35255
_d35255